1016 1764 1250 1269 1297 1998 1108 1928 1152 1052 1489 1954 1818 1872 1410 1897 1182 1492 1848 1265 1520 1678 1927 1724 1015 1647 1290 1557 1957 1964 1688 1793 1521 1303 1044 1513 1831 1192 1796 1837 1691 1316 1084 1088 1300 1407 1912 1859 1485 1801 1731 1093 1504 1319 1201 1110 1640 1873 1299 1765 1013 1589 1372 1357 1610 1386 1471 1903 1766 1273 1378 1860 1810 1741 1694 1709 1678 1632 1746 1907 1146 1697 1773 1591 1821 1505 1247 1216 1097 1166 1463 1498 1173 1190 1118 1274 1389 1882 1571 BCNSPRNW ULIB Ver.6.0+V

เปลี่ยนเป็นภาษาไทย

Change to English
 แสดงรายละเอียดบรรณานุกรม
  กลับหน้าหลัก

Brief Record : Get Marc (ISO 2709) : E-mail record : QR code < ปิดหน้าต่าง
LEADER : 00000nam 2200000uu 4500
001    13399128470
003     ULIB
008    020711s2023 th a 000 0 eng d
020    ^a9780323796088
060    ^aWS200^bR289N
100    ^aRebecca Tenney
245    ^aNetter s Pediatrics
250    ^a2nd ed
260    ^aphiladelphia :^bElsevier,^c2023
300    ^a871 pages;^c30 cm
650    ^aPediatrics
945    ^p3710^l0^i010214
945    ^p3710^l0^i011930
999    ^aประนอม เกษจรัล
รายการนี้ยังไม่มีแท็ก
คุณยังไม่ได้ล็อกอิน คุณสามารถมีกิจกรรมร่วมกับเว็บไซต์ได้ แต่ต้องล็อกอินก่อน ::
  ล็อกอิน

รายการสื่อสารสนเทศ

ลำดับที่ ประเภท เลขเรียก/บาร์โค้ด สถานที่ สถานะ
1. วิทยาศาสตร์การแพทย์ และสุขภาพ
หนังสือสำรอง
สถานะ=หนังสือสำรอง
WS200 R289N ฉ.1 
  Barcode: 010214
ห้องสมุดวิทยาเขตสวรรค์ประชารักษ์
►หนังสือทั่วไป
บนชั้น
2. วิทยาศาสตร์การแพทย์ และสุขภาพ
วิทยาศาสตร์การแพทย์ และสุขภาพ
WS200 R289N ฉ.2 
  Barcode: 011930
ห้องสมุดวิทยาเขตสวรรค์ประชารักษ์
►หนังสือทั่วไป
บนชั้น

รายการใกล้เคียง
    หัวเรื่อง [Pediatrics]

BibComment


ยังไม่เคยถูกคอมเมนท์

คอมเมนท์ทรัพยากรรายการนี้
  คอมเมนท์: Netter s Pediatr..


 Copyright 2026. Bcnsprnw @Library